Click a Valid Periodic Table Element A-Z - Statistics

General Stats
  • This quiz has been taken 3,688 times
  • The average score is 11 of 23
Answers on the Map
Answers color-coded by a green-red scale on the quiz's map according to % correct below.
 
Answer Stats
Answer % Correct
H
82%
B
67%
L
67%
O
66%
C
65%
N
63%
F
58%
A
56%
S
51%
X
50%
M
47%
P
47%
R
44%
K
40%
G
39%
U
39%
T
38%
I
37%
V
36%
Z
34%
Y
31%
E
28%
D
26%
No matching quizzes found
Score Distribution
Percent of People with Each Score
Percentile by Number Answered
Your Score History
You have not taken this quiz